Company in Crisis
Právna úprava spoločnosti v kríze - od r. 2016 musia spoločnosti kapitálového typu zisťovať, či je spoločnosť v kríze, alebo nie. Predchádzanie vstupu spoločnosti do krízy. Spoločnosť v kríze z pohľadu účtovníctva obchodnej spoločnosti.
Saved in:
| Main Author: | |
|---|---|
| Format: | Book Chapter |
| Language: | Slovak |
| Subjects: | |
| Tags: |
No Tags, Be the first to tag this record!
|
MARC
| LEADER | 00000nla a2200000 4500 | ||
|---|---|---|---|
| 001 | 0240943 | ||
| 005 | 20240502083646.4 | ||
| 041 | 0 | |a slo | |
| 044 | |a CZ | ||
| 245 | 1 | 0 | |a Company in Crisis |c Lucia Ondrušová |
| 520 | |a Právna úprava spoločnosti v kríze - od r. 2016 musia spoločnosti kapitálového typu zisťovať, či je spoločnosť v kríze, alebo nie. Predchádzanie vstupu spoločnosti do krízy. Spoločnosť v kríze z pohľadu účtovníctva obchodnej spoločnosti. | ||
| 610 | 2 | 0 | |a kríza podniku |
| 610 | 2 | 0 | |a kapitál |
| 610 | 2 | 0 | |a spoločnosti akciové |
| 610 | 2 | 0 | |a spoločnosti s r.o. |
| 610 | 2 | 0 | |a spoločnosti komanditné |
| 610 | 2 | 0 | |a pravidlá účtovné |
| 610 | 2 | 0 | |a úpadok podniku |
| 610 | 2 | 0 | |a imanie |
| 610 | 2 | 0 | |a záväzky podniku |
| 100 | 1 | |a Ondrušová, Lucia, 1981- | |